brand anagrams - Statistics

General Stats
  • This quiz has been taken 197 times
  • The average score is 9 of 20
Answer Stats
Hint Answer % Correct
kein Nike
92%
sobs Boss
91%
avien Nivea
88%
nova Avon
85%
gole Lego
83%
naaft Fanta
76%
roveho Hoover
58%
yesdni Disney
56%
anqtsa Qantas
48%
tonihl Hilton
46%
lated Delta
40%
trassbukc Starbucks
36%
fmsoircot Microsoft
28%
seemcred Mercedes
24%
huldinl Dunhill
16%
bouyteu Youtube
16%
clestoa Lacoste
15%
expant Pentax
14%
athisob Toshiba
12%
bbloagnil Billabong
10%
No matching quizzes found
Score Distribution
Percent of People with Each Score
Percentile by Number Answered
Your Score History
You have not taken this quiz